000 00497nam a2200181Ia 4500
001 16542
005 20260306170317.0
008 260306t2025||||xx |||||||||||||| ||und||
041 _aESP
082 _a348.6
_bV19R
100 _aValderrama Valderrama, Ricardo,
_eAUT
245 0 _aRégimen disciplinario en el ámbito empresarial :
_btratamiento legal y jurisprudencial
260 _c2025
300 _a255 páginas :
_c25 cm.
650 _aGEN
654 _aCDE
942 _cLIB
_dJUS
_fJUS
_2ddc
_n
999 _c16542
_d16542